Online
Catalog

La teología del evangelismo / (Record no. 25142)

MARC details
000 -CABECERA
campo de control de longitud fija 00826nam a2200241 a 4500
001 - NÚMERO DE CONTROL
campo de control 000025650
003 - IDENTIFICADOR DEL NÚMERO DE CONTROL
campo de control DO-SdBNP
005 - FECHA Y HORA DE LA ÚLTIMA TRANSACCIÓN
campo de control 20240626153702.0
008 - DATOS DE LONGITUD FIJA--INFORMACIÓN GENERAL
campo de control de longitud fija 110218s1967 txu r 000 0 spa d
040 ## - FUENTE DE LA CATALOGACIÓN
Centro catalogador/agencia de origen DO-SdBNP
Lengua de catalogación spa
Centro/agencia transcriptor BNPHU
041 17 - CÓDIGO DE LENGUA
Código de lengua del texto/banda sonora o título independiente spa
Código de lengua original eng
Fuente del código Código de idioma MARC
049 ## - FONDOS LOCALES (OCLC)
Fondos de biblioteca BNGR
082 ## - NÚMERO DE LA CLASIFICACIÓN DECIMAL DEWEY
Número de clasificación NNN
Número de documento/Ítem A941t
100 1# - ENTRADA PRINCIPAL--NOMBRE DE PERSONA
Nombre de persona Autrey, C. E.
9 (RLIN) 52385
240 10 - TÍTULO UNIFORME
Título uniforme The Theology of evangelism.
Lenguaje de la obra Espanñol.
245 10 - MENCIÓN DE TÍTULO
Título La teología del evangelismo /
Mención de responsabilidad, etc. C. E. Autrey ; traductor Ervin Hastey ; prefacio a la versión castellana por Samuel O. Libert.
260 ## - PUBLICACIÓN, DISTRIBUCIÓN, ETC.
Lugar de publicación, distribución, etc. El paso Texa :
Nombre del editor, distribuidor, etc. Casa Bautista de Publicacines,
Fecha de publicación, distribución, etc. 1967.
300 ## - DESCRIPCIÓN FÍSICA
Extensión 125 p. ;
Dimensiones 19 cm.
534 ## - NOTA SOBRE LA VERSIÓN ORIGINAL
Encabezamiento principal del original Título original:
Mención de título del original The Theology of evangelism.
700 1# - PUNTO DE ACCESO ADICIONAL--NOMBRE DE PERSONA
Nombre de persona Hastey, Ervin
9 (RLIN) 52386
700 1# - PUNTO DE ACCESO ADICIONAL--NOMBRE DE PERSONA
Nombre de persona Libert, Samuel O.
Término indicativo de función/relación tr.
9 (RLIN) 34284
942 ## - ELEMENTOS DE PUNTO DE ACCESO ADICIONAL (KOHA)
Fuente del sistema de clasificación o colocación Dewey Decimal Classification
Tipo de ítem Koha Libro
Holdings
Estado de retiro Estado de pérdida Restricciones de uso No para préstamo Código de colección Localización permanente Ubicación/localización actual Ubicación en estantería Fecha de adquisición Número de inventario Total de préstamos Signatura topográfica completa Código de barras Fecha visto por última vez Precio válido a partir de Tipo de ítem Koha
        Monografías: Libros y Folletos General General En catalogación 18.02.2011 LF1   NNN A941t 25650-10 25.06.2020 25.06.2020 Préstamo en sala

Powered by Koha